[Event "Chess House GM 2018"]
[Site "Aarhus"]
[Date "2018.09.14"]
[Round "7"]
[White "Boe Olsen, Filip"]
[Black "Gritsak, Orest"]
[Result "1/2-1/2"]
[WhiteElo "2354"]
[BlackElo "2450"]
[PlyCount "73"]
[EventType "tourn"]
[EventRounds "9"]
[EventCountry "DEN"]

1. d4 e6 2. c4 Bb4+ 3. Bd2 a5 4. g3 d5 5. Nf3 dxc4 6. Bg2 b5 7. b3 cxb3 8. Qxb3
Bb7 9. Bxb4 Bd5 10. Qb2 axb4 11. Qxb4 c6 12. Nc3 Na6 13. Qb2 b4 14. Nxd5 cxd5
15. O-O Ne7 16. a3 Rb8 17. Ne5 O-O 18. Rfc1 bxa3 19. Qxa3 Nc7 20. e3 Nb5 21.
Qa6 Nd6 22. h4 Rb6 23. Qa4 Rb7 24. Nd3 Rc7 25. Nc5 Nef5 26. Bh3 g6 27. Rcb1 Qe7
28. Rb6 h5 29. Qa6 Kg7 30. Rab1 Rfc8 31. Bxf5 Nxf5 32. Rb7 Nd6 33. Rxc7 Rxc7
34. Rb8 Ra7 35. Qb6 Qc7 36. Qxc7 Rxc7 37. Kg2 1/2-1/2

[Event "Chess House GM 2018"]
[Site "Aarhus"]
[Date "2018.09.14"]
[Round "7"]
[White "Skytte, Rasmus"]
[Black "Kotronias, Vasilios"]
[Result "1/2-1/2"]
[WhiteElo "2372"]
[BlackElo "2505"]
[PlyCount "91"]
[EventType "tourn"]
[EventRounds "9"]
[EventCountry "DEN"]

1. d4 Nf6 2. Bg5 Ne4 3. Bf4 c5 4. f3 Qa5+ 5. c3 Nf6 6. d5 e6 7. e4 exd5 8. exd5
d6 9. Qd2 Be7 10. c4 Qxd2+ 11. Nxd2 Nh5 12. Be3 f5 13. Bd3 O-O 14. Ne2 Re8 15.
O-O-O Na6 16. a3 Bd7 17. g3 Bf6 18. Bf2 Nc7 19. Rhe1 g6 20. h3 Be5 21. g4 Nf4
22. Nxf4 Bxf4 23. Rxe8+ Nxe8 24. Re1 Nf6 25. Kc2 Kf7 26. Rg1 a6 27. Nb1 Re8 28.
Nc3 fxg4 29. fxg4 g5 30. Ne2 Be5 31. Rf1 b5 32. Nc3 bxc4 33. Bxc4 Bxc3 34. bxc3
Bb5 35. Bxb5 axb5 36. Bg3 Rd8 37. c4 bxc4 38. Kc3 Kg6 39. Kxc4 Ne4 40. Be1 Ra8
41. Rf3 Ra4+ 42. Kb5 Rd4 43. Re3 c4 44. Bc3 Nxc3+ 45. Rxc3 Kf6 46. Re3 1/2-1/2

[Event "Chess House GM 2018"]
[Site "Aarhus"]
[Date "2018.09.14"]
[Round "7"]
[White "Zumsande, Martin"]
[Black "Grove, Peter"]
[Result "1-0"]
[WhiteElo "2458"]
[BlackElo "2206"]
[PlyCount "105"]
[EventType "tourn"]
[EventRounds "9"]
[EventCountry "DEN"]

1. e4 e5 2. Nf3 Nf6 3. Nxe5 d6 4. Nf3 Nxe4 5. Nc3 Nxc3 6. dxc3 Be7 7. Be3 Nc6
8. Qd2 Be6 9. O-O-O Qd7 10. Bd3 O-O-O 11. Qe2 Kb8 12. Bb5 Bf6 13. Bg5 Bxg5+ 14.
Nxg5 Rde8 15. Nxe6 Qxe6 16. Qxe6 Rxe6 17. Bxc6 bxc6 18. Rhe1 Rhe8 19. Rxe6 Rxe6
20. Rd4 Re1+ 21. Kd2 Rg1 22. Rg4 g6 23. h4 Rh1 24. g3 Kc8 25. Ra4 Rf1 26. Ke3
Rc1 27. Rxa7 Kb8 28. Ra4 Rxc2 29. Rb4+ Ka7 30. f3 f5 31. Kf4 c5 32. Rb3 Re2 33.
h5 Rh2 34. hxg6 hxg6 35. c4 Rc2 36. Kg5 Rxc4 37. Kxg6 d5 38. Kxf5 d4 39. Ke4
Rc2 40. f4 Rf2 41. Kd5 Rc2 42. f5 c6+ 43. Ke4 Re2+ 44. Kf3 Re5 45. Kf4 c4 46.
Ra3+ Kb7 47. Kxe5 d3 48. f6 d2 49. f7 d1=Q 50. f8=Q Qe1+ 51. Kf6 Qf2+ 52. Kg7
Qxb2+ 53. Kg8 1-0

[Event "Chess House GM 2018"]
[Site "Aarhus"]
[Date "2018.09.15"]
[Round "8"]
[White "Antonsen, Mikkel"]
[Black "Chatalbashev, Boris"]
[Result "1-0"]
[WhiteElo "2434"]
[BlackElo "2546"]
[PlyCount "63"]
[EventType "tourn"]
[EventRounds "9"]
[EventCountry "DEN"]

1. d4 d6 2. e4 Nf6 3. f3 c5 4. d5 e6 5. c4 exd5 6. cxd5 g6 7. Nc3 Bg7 8. Nge2
a6 9. a4 Nbd7 10. Ng3 h5 11. Be2 h4 12. Nf1 Nh5 13. f4 Qe7 14. Qc2 Bd4 15. Bxh5
gxh5 16. Be3 Rg8 17. O-O-O Bxc3 18. bxc3 b5 19. Nd2 Rxg2 20. e5 Bb7 21. Qf5
dxe5 22. c4 exf4 23. Bxf4 Qf6 24. Qe4+ Kf8 25. Qxg2 Qxf4 26. Rhg1 Qd4 27. Rde1
Qa1+ 28. Nb1 Qh8 29. Qg5 Nf6 30. Qe5 Qh6+ 31. Nd2 Ng8 32. d6 1-0

[Event "Chess House GM 2018"]
[Site "Aarhus"]
[Date "2018.09.15"]
[Round "8"]
[White "Gritsak, Orest"]
[Black "Zumsande, Martin"]
[Result "1/2-1/2"]
[WhiteElo "2450"]
[BlackElo "2458"]
[PlyCount "61"]
[EventType "tourn"]
[EventRounds "9"]
[EventCountry "DEN"]

1. d4 e6 2. c4 d5 3. Nf3 Nf6 4. Nc3 Be7 5. Bg5 h6 6. Bh4 O-O 7. Rc1 b6 8. cxd5
Nxd5 9. Nxd5 exd5 10. Bxe7 Qxe7 11. Qd2 Be6 12. b4 c6 13. e3 a5 14. b5 c5 15.
dxc5 bxc5 16. Be2 a4 17. O-O Nd7 18. Rfd1 Rfc8 19. h3 Nf6 20. Ne5 Ne4 21. Qe1
c4 22. Bf3 Qc5 23. Nxc4 Ng5 24. Ne5 Qxb5 25. Be2 Qb2 26. Nc6 Kh8 27. Rb1 Qc2
28. Nd4 Qg6 29. Kh2 Ne4 30. Rdc1 Qf6 31. Kg1 1/2-1/2

[Event "Chess House GM 2018"]
[Site "Aarhus"]
[Date "2018.09.15"]
[Round "8"]
[White "Kotronias, Vasilios"]
[Black "Grove, Peter"]
[Result "0-1"]
[WhiteElo "2505"]
[BlackElo "2206"]
[PlyCount "76"]
[EventType "tourn"]
[EventRounds "9"]
[EventCountry "DEN"]

1. e4 e5 2. Nf3 Nf6 3. Nxe5 d6 4. Nf3 Nxe4 5. d4 d5 6. Bd3 Nd6 7. O-O Be7 8.
Bf4 O-O 9. Re1 Re8 10. Nbd2 Nd7 11. c3 Nf8 12. Qc2 g6 13. Rac1 Ne6 14. Be5 Ng7
15. Qb3 Be6 16. h4 Bxh4 17. Bxd6 cxd6 18. Qxb7 Bf6 19. Qa6 g5 20. Nh2 g4 21.
Qa4 Bg5 22. Qc2 h5 23. Nhf1 Qf6 24. Re2 Qh6 25. Rce1 Rec8 26. Qd1 Kh8 27. Nb1
Rf8 28. Na3 a6 29. Nc2 f5 30. Nb4 Bg8 31. Bxa6 Ra7 32. Bd3 f4 33. f3 Bh4 34.
fxg4 hxg4 35. g3 fxg3 36. Rg2 Ne6 37. Nxg3 Nf4 38. Qxg4 Nxg2 0-1

[Event "Chess House GM 2018"]
[Site "Aarhus"]
[Date "2018.09.16"]
[Round "9"]
[White "Chatalbashev, Boris"]
[Black "Skytte, Rasmus"]
[Result "1/2-1/2"]
[WhiteElo "2546"]
[BlackElo "2372"]
[PlyCount "190"]
[EventType "tourn"]
[EventRounds "9"]
[EventCountry "DEN"]

1. d4 d5 2. c4 e6 3. Nc3 Nf6 4. cxd5 Nxd5 5. e4 Nxc3 6. bxc3 c5 7. Nf3 cxd4 8.
cxd4 Bb4+ 9. Bd2 Bxd2+ 10. Qxd2 O-O 11. Rc1 b6 12. Bd3 Bb7 13. O-O Nd7 14. Qe3
Nf6 15. Ne5 Qe7 16. f3 Rac8 17. Nc4 Rfd8 18. Rfd1 Ne8 19. Bf1 Rc7 20. Ne5 Rdc8
21. Rxc7 Rxc7 22. Qb3 h6 23. a4 Nf6 24. Bb5 Rc8 25. g4 Ne8 26. Kg2 Nd6 27. Bd3
Qc7 28. Qb4 Ne8 29. h4 Qd6 30. Qb3 Qe7 31. h5 Nf6 32. Bc4 Nd7 33. Nd3 Qd6 34.
Bb5 Rc7 35. Nf2 Qf4 36. Qb4 Nf6 37. Bd3 Rd7 38. Qc4 Qc7 39. Qxc7 Rxc7 40. Rb1
Rd7 41. Rb4 Kf8 42. Kg3 Ke7 43. Kf4 Rc7 44. Ke3 Bc6 45. Ba6 Nd7 46. Nd3 Kd8 47.
Bb5 a5 48. Rc4 Bxb5 49. Rxc7 Kxc7 50. axb5 Kd6 51. Nb2 Kc7 52. Nc4 Kd8 53. e5
Ke7 54. f4 f6 55. Kd2 Kf7 56. Nd6+ Ke7 57. Kc3 Kd8 58. Ne4 Ke7 59. Kc4 Kf7 60.
Nd6+ Ke7 61. Kb3 Kd8 62. Kc3 Ke7 63. Nc4 Kf7 64. Kb3 Ke7 65. Ka4 Kd8 66. Nd6
Ke7 67. Nc4 Kd8 68. f5 Ke7 69. Ka3 fxe5 70. dxe5 Kf7 71. Kb2 Ke7 72. Kc3 Kf7
73. Kd4 Ke7 74. Nd6 a4 75. Nc4 Kf7 76. Kc3 Ke7 77. Kb4 Nc5 78. Nb2 Kf7 79. Nxa4
Nd3+ 80. Kc3 Nxe5 81. Nxb6 exf5 82. gxf5 Kf6 83. Nc4 Nd7 84. Ne3 Ke5 85. Kd3
Kf4 86. Kd4 Kg5 87. Kd5 Kxh5 88. Kc6 Ne5+ 89. Kd6 Nd3 90. b6 Nb4 91. b7 Na6 92.
Ke6 Nc5+ 93. Kf7 Nxb7 94. Kxg7 Nd6 95. f6 Ne8+ 1/2-1/2

[Event "Chess House GM 2018"]
[Site "Aarhus"]
[Date "2018.09.16"]
[Round "9"]
[White "Matthiesen, Martin"]
[Black "Kotronias, Vasilios"]
[Result "1/2-1/2"]
[WhiteElo "2275"]
[BlackElo "2505"]
[PlyCount "124"]
[EventType "tourn"]
[EventRounds "9"]
[EventCountry "DEN"]

1. d4 Nf6 2. c4 c5 3. d5 b5 4. cxb5 a6 5. f3 e6 6. e4 exd5 7. e5 Qe7 8. Qe2 Ng8
9. Nc3 Bb7 10. Nh3 c4 11. Nf4 Qc5 12. Nfxd5 Bxd5 13. Be3 Qb4 14. a3 Qa5 15. Bd2
Be6 16. Nd5 Qd8 17. Qxc4 f5 18. b6 Nc6 19. Nc7+ Qxc7 20. bxc7 Bxc4 21. Bxc4
Nge7 22. f4 Ra7 23. O-O a5 24. b4 Rxc7 25. Rfc1 axb4 26. axb4 Nc8 27. Ba6 Kd8
28. b5 Bb4 29. Be3 Na5 30. b6 Rxc1+ 31. Rxc1 Ne7 32. b7 Nac6 33. Bb6+ Ke8 34.
Bc4 Nb8 35. Bd5 Nec6 36. Ra1 Ke7 37. Ra8 Re8 38. Bc7 d6 39. Bxc6 Nxc6 40. b8=Q
Nxb8 41. Rxb8 Rxb8 42. Bxb8 Bc5+ 43. Kf1 d5 44. Bc7 Be3 45. g3 g5 46. fxg5 Bxg5
47. Ke2 Ke6 48. Kd3 h5 49. h3 Bc1 50. Ke2 Bb2 51. Kf3 Bxe5 52. Bb6 Kf6 53. g4
Kg6 54. Be3 Bf6 55. Bf2 Bg5 56. Bc5 fxg4+ 57. hxg4 h4 58. Bd6 d4 59. Ke4 Be3
60. Bc5 Bg1 61. Bxd4 Bxd4 62. Kf3 Kg5 1/2-1/2

[Event "Chess House GM 2018"]
[Site "Aarhus"]
[Date "2018.09.16"]
[Round "9"]
[White "Boe Olsen, Filip"]
[Black "Antonsen, Mikkel"]
[Result "0-1"]
[WhiteElo "2354"]
[BlackElo "2434"]
[PlyCount "92"]
[EventType "tourn"]
[EventRounds "9"]
[EventCountry "DEN"]

1. d4 d5 2. c4 e6 3. Nc3 Nf6 4. cxd5 exd5 5. Bg5 c6 6. e3 Bf5 7. Qf3 Bg6 8.
Bxf6 Qxf6 9. Qxf6 gxf6 10. Nf3 Nd7 11. Nh4 Be7 12. Ne2 f5 13. g3 Bxh4 14. gxh4
Nf6 15. Nf4 Nh5 16. Nd3 f4 17. Nxf4 Nxf4 18. exf4 Ke7 19. f3 Kf6 20. Kf2 Rae8
21. Bh3 Bf5 22. Bxf5 Kxf5 23. Rhg1 Kxf4 24. Rg7 f5 25. Rag1 Rhf8 26. h5 h6 27.
h4 b6 28. R1g3 c5 29. Rxa7 Re3 30. Rd7 Rd3 31. Ke2 c4 32. Rgg7 Re8+ 33. Rge7
Rxe7+ 34. Rxe7 Rxf3 35. Re6 Rh3 36. Rxb6 Rh2+ 37. Kf1 Kf3 38. Kg1 Rg2+ 39. Kf1
Rd2 40. Ke1 Rxd4 41. Rxh6 Rxh4 42. Rd6 d4 43. h6 Ke3 44. Kf1 d3 45. a4 d2 46.
Kg2 Rxh6 0-1

[Event "Chess House GM 2018"]
[Site "Aarhus"]
[Date "2018.09.16"]
[Round "9"]
[White "Zumsande, Martin"]
[Black "Pajeken, Jakob Leon"]
[Result "1-0"]
[WhiteElo "2458"]
[BlackElo "2337"]
[PlyCount "85"]
[EventType "tourn"]
[EventRounds "9"]
[EventCountry "DEN"]

1. e4 e5 2. Nf3 Nc6 3. c3 d5 4. Qa4 f6 5. d3 Nge7 6. Be2 Be6 7. O-O Qd7 8. b4
a6 9. Nbd2 Nc8 10. Qc2 d4 11. cxd4 Nxb4 12. Qb2 exd4 13. Nxd4 Bxa2 14. e5 Bc5
15. Nc2 Be6 16. Ne4 Nxc2 17. Nxc5 Qc6 18. Qxc2 Bd5 19. exf6 gxf6 20. Bh5+ Kd8
21. Re1 Bxg2 22. Ne6+ Kd7 23. Qxc6+ Bxc6 24. Bf4 Rg8+ 25. Bg3 Nd6 26. Nc5+ Kc8
27. Re7 a5 28. Kf1 a4 29. Bf7 Rf8 30. Ba2 Re8 31. Bxd6 cxd6 32. Rxe8+ Bxe8 33.
Ne4 Bg6 34. Nxd6+ Kd7 35. Ne4 f5 36. Nc5+ Kd6 37. Nxb7+ Kc6 38. Rb1 f4 39. Ke2
Bh5+ 40. Kd2 Bf3 41. d4 Ra7 42. Nd8+ Kd6 43. Ne6 1-0